| 000 | 01487nam0a22002651 4500 | ||
|---|---|---|---|
| 001 | rc\3266833 | ||
| 005 | 20260406113233.0 | ||
| 021 |
_aRU _b[70-88174] |
||
| 035 | _a(NLR Aleph) 007486399 | ||
| 090 |
_a7571012 _c7571012 |
||
| 100 | _a20130115d1970 |||y0rusy50 ca | ||
| 101 | 0 | _arus | |
| 102 | _aRU | ||
| 105 | _ay j ||||| | ||
| 200 | 1 |
_aМатериалы Учебно-методической конференции по преподаванию паразитологии и инвазионных болезней сельскохозяйственных животных в вузах, посвященной 50-летию организации кафедры МВА. 11-12 декабря 1970 г. _fМ-во сел. хоз-ва СССР... |
|
| 210 |
_aМосква _cБ. и. _d1970 |
||
| 215 |
_a48 с. _d21 |
||
| 606 |
_aПаразитология ветеринарная _xМетодика преподавания _jСборники _2psbo |
||
| 710 | 1 | 2 | _aУчебно-методическая конференция по преподаванию паразитологии и инвазионных болезней с.-х. животных в вузах (1970; Москва) |
| 712 | 0 | 2 |
_aМосковская ветеринарная академия им. К. И. Скрябина _bКафедра паразитологии _9290839 _3RU\NLR\AUTH\889159 |
| 801 | 0 |
_aRU _bNLR _gpsbo |
|
| 801 | 1 |
_aRU _bELAR _2rusmarc |
|
| 852 |
_aNLR _j70-6/9805 |
||
| 942 | _cBOOK | ||
| 980 | _aNB | ||